Tratado teórico legal del derecho de sucesión, según los precedentes históricos del derecho de Castilla, el Código civil y las especialidades de las legislaciones forales / (Record no. 158059)

MARC details
000 -LEADER
campo de control de longitud fija 01206nam a22002775i 4500
001 - NÚMERO DE CONTROL
campo de control 158059
003 - IDENTIFICADOR DE NÚMERO DE CONTROL
campo de control ES-MaACL
005 - FECHA Y HORA DE LA ÚLTIMA TRANSACCIÓN
campo de control 20250819063106.0
008 - DATOS DE LONGITUD FIJA--INFORMACIÓN GENERAL
campo de control de longitud fija 990929m18911893sp |||| | spa d
040 ## - FUENTE DE CATALOGACIÓN
Centro catalogador/agencia de origen CCPB | B
Lengua de catalogación spa
Centro/agencia transcriptor CCPB | B
080 ## - NÚMERO DE LA CLASIFICACIÓN DECIMAL UNIVERSAL
Número de la Clasificación Decimal Universal 347.65/.68
080 ## - NÚMERO DE LA CLASIFICACIÓN DECIMAL UNIVERSAL
Número de la Clasificación Decimal Universal 340.5
080 ## - NÚMERO DE LA CLASIFICACIÓN DECIMAL UNIVERSAL
Número de la Clasificación Decimal Universal 34.05
100 1# - ENTRADA PRINCIPAL--NOMBRE DE PERSONA
Nombre de persona López R. Gómez, Nicolás
Término indicativo de función/relación Autor
9 (RLIN) 73908
245 10 - MENCIÓN DEL TÍTULO
Título Tratado teórico legal del derecho de sucesión, según los precedentes históricos del derecho de Castilla, el Código civil y las especialidades de las legislaciones forales /
Mención de responsabilidad, etc. por D. Nicolás López R. Gómez
260 ## - PUBLICACIÓN, DISTRIBUCIÓN, ETC.
Lugar de publicación, distribución, etc. Valladolid :
Nombre del editor, distribuidor, etc. Est, tip. de Hijos de J. Pastor,
Fecha de publicación, distribución, etc. 1891-1893
Fabricante (Imp. del Ilustre Colegio de Abogados)
300 ## - DESCRIPCIÓN FÍSICA
Extensión 2 volúmenes (747 ; 432 páginas) ;
Dimensiones 22 cm
596 ## - NOTA AL PIE DE IMPRENTA
NOTA AL PIE DE IMPRENTA Editor e impresor del v. 2: Imp. y Librería Nacional y Extranjera de los Hijos de Rodríguez; Libreros de la Universidad y del Instituto
650 #7 - PUNTO DE ACCESO ADICIONAL DE MATERIA--TÉRMINO DE MATERIA
Término de materia o nombre geográfico como elemento de entrada Herencias y sucesiones
Fuente del encabezamiento o término embne
9 (RLIN) 135883
650 #7 - PUNTO DE ACCESO ADICIONAL DE MATERIA--TÉRMINO DE MATERIA
Término de materia o nombre geográfico como elemento de entrada Derecho comparado
Fuente del encabezamiento o término embne
9 (RLIN) 11676
752 ## - ENTRADA AGREGADA--NOMBRE JERÁRQUICO DEL LUGAR
País o entidad superior España -
Ciudad Valladolid
852 4# - LOCALIZACIÓN
Ubicación ES-MaACL
Ubicación en estantería Sala Palomar
Número de control de estantería C-3239-40
Encuadernación Pasta
942 ## - ELEMENTOS DE ENTRADA SECUNDARIOS (KOHA)
Fuente del sistema de clasificación o colocación Clasificación decimal universal
Tipo de ítem Koha Libro impreso antiguo
Suprimir en OPAC No
Holdings
Estatus retirado Estado de pérdida Estado de daño No para préstamo Colección Biblioteca de origen Biblioteca actual Ubicación en estantería Fecha de adquisición Fuente de adquisición Total de préstamos Signatura topográfica completa Código de barras Visto por última vez Precio de reemplazo Tipo de ítem Koha
        Libros del s. XIX Biblioteca del Ateneo de Madrid Biblioteca del Ateneo de Madrid Sala Palomar 17/01/2008     C-3239-3240 1165423 23/02/2023 23/02/2023 Libro impreso antiguo